[Event "St Petersburg Rudenko Memorial (Women)"]
[Site "St Petersburg"]
[Date "2001.12.10"]
[Round "3"]
[White "Kulish, Irina"]
[Black "Chernova, Natalja"]
[Result "1/2-1/2"]
[WhiteElo "2326"]
[BlackElo "2147"]
[PlyCount "134"]
[EventDate "2001.12.08"]
[EventType "swiss"]
[EventRounds "9"]
[EventCountry "RUS"]
[SourceTitle "CBM 085 Extra"]
[Source "ChessBase"]
[SourceDate "2002.01.21"]
[SourceVersion "1"]
[SourceVersionDate "2002.01.21"]
[SourceQuality "1"]

1. e4 e6 2. d4 d5 3. Nc3 Nf6 4. e5 Nfd7 5. f4 c5 6. Nf3 Nc6 7. Be3 Be7 8. Qd2 a6 9. dxc5 Bxc5 10. Nd4 Nxd4 11. Bxd4 Bxd4 12. Qxd4 Qb6 13. Qxb6 Nxb6 14. 0-0-0 Bd7 15. b3 Rc8 16. Kb2 0-0 17. Bd3 Rc7 18. Ne2 Bc6 19. Nd4 Nd7 20. Rhe1 Nc5 21. g3 Bd7 22. Rd2 Rfc8 23. g4 g6 24. h3 Nxd3+ 25. cxd3 Kf8 26. Rc2 Rxc2+ 27. Nxc2 Bb5 28. Rd1 Ke7 29. Nd4 Bc6 30. Kc3 Kd7 31. Kd2 Rh8 32. Rc1 h5 33. g5 Rb8 34. Ke3 Rc8 35. Rc2 Rb8 36. Kd2 Ra8 37. Kc3 Rc8 38. Kd2 Rc7 39. Ne2 Bb5 40. Rxc7+ Kxc7 41. Kc3 Kb6 42. Kd4 Be8 43. f5 Kc6 44. fxg6 fxg6 45. Nf4 Bf7 46. Kc3 Kc5 47. d4+ Kc6 48. a4 b6 49. Kb4 a5+ 50. Ka3 Kb7 51. b4 Ka6 52. Nd3 Be8 53. bxa5 Kxa5 54. Nf4 Bf7 55. Kb3 b5 56. axb5 Kxb5 57. Nd3 Be8 58. Nc5 Bf7 59. Nb7 Bg8 60. Nd6+ Ka5 61. Ka3 Bh7 62. Nb7+ Kb5 63. Kb3 Bg8 64. Nc5 Bf7 65. Nd7 Be8 66. Nc5 Bf7 67. Nd7 Be8 1/2-1/2